Statistics for Non-Controversial World Map

Click here to take the quiz!

General Stats

  • This quiz has been taken 229 times
  • The average score is 76 of 119

Answer Stats

Group Country % Correct
MuricaUnited States
97%
EuropeDefinitely Not Russia
96%
MuricaMexico
96%
MuricaNorth Murica
95%
PoorN
93%
AsiaPeople's Republic of Taiwan
92%
MuricaBrazil
92%
MuricaTexas
92%
EuropeFrance
91%
IslandAustralia
90%
Not EuropeUnited Kingdom of England and Wales
89%
AsiaIndia
88%
EuropeNazi Germany
87%
EuropeSweden
86%
AsiaMuslim
86%
MuricaChile
86%
MuricaCuba
86%
EuropeGreenland
86%
EuropeIreland
86%
EuropeNorway
85%
AsiaMongolia
85%
AsiaIndonesia
84%
EuropeItaly
84%
AsiaEast China
84%
MuricaArgentina
84%
MuricaSouth Mexico
82%
AsiaKorea (Pyongyang)
81%
AsiaKazakhstan
80%
EuropeTurkey
80%
PoorEgypt
79%
PoorSouth Africa
78%
MuricaUragay
77%
PoorEthiopia
77%
EuropeScotland
76%
EuropeFake Macedonia
76%
PoorSudan
75%
PoorSomalia
75%
AsiaPhillipinnes
74%
AsiaTibet
73%
PoorLibya
73%
EuropeSwitzerland
72%
EuropePortugal
72%
PoorSwahililand
71%
AsiaNorth Pakistan
71%
AsiaSiberia
71%
PoorNi
71%
AsiaPakistan
71%
AsiaISIS
70%
PoorNig
70%
AsiaSri Lanka
70%
PoorTunisia
70%
PoorNige
69%
PoorNiger
69%
PoorBelgian Congo
69%
EuropeSerbia
69%
EuropeRomania
69%
AsiaIsrael
69%
PoorRepublic of Congo
68%
PoorAngola
67%
PoorNigeri
67%
EuropeAlbania
67%
PoorNot Democratic Republic of Congo
66%
PoorNamibia
66%
AsiaBurmyanmar
66%
PoorVery Republic of Congo
66%
PoorNigeria
66%
EuropeBulgaria
66%
EuropeHungary
66%
PoorNot Republic of Congo
66%
PoorVery Democratic Republic of Congo
66%
PoorSomewhat Democratic Republic of Congo
66%
EuropeCatalonia
64%
EuropeCroatia
64%
EuropeSaint Lawrence
63%
AsiaGeorgia
63%
EuropeUkraine
61%
AsiaPalestine
60%
AsiaAzerbaijan
60%
PoorBotswana
60%
AsiaArmenia
60%
AsiaKyrgyzstan
60%
AsiaMalaysia
59%
AsiaTurkmenistan
59%
EuropeTrue Macedonia
59%
PoorPoor Mauriccotanialicarawique
58%
NoCyprus
58%
PoorGuiana
57%
EuropeBrittany
57%
EuropeEstrongia
56%
AsiaTajikistan
56%
PoorCameron
56%
IceAntarctica
55%
AsiaCambodia
51%
MuricaDominica
51%
PoorVirgin
50%
PoorCôte that is made of d'Ivoire
49%
EuropeCrimea
49%
PoorZambia
47%
AsiaKurdistan
47%
EuropeMontenegro
46%
PoorSomaliland
45%
AsiaSouth Vietnam
38%
AsiaNorth Vietnam
38%
IslandKiribati
34%
MuricaFrench Guinea
31%
AsiaSouth Ossetia
30%
AsiaOuter Mongolia
27%
AsiaAbkhazia
26%
MuricaGran Columbia
21%
EuropeVojvodina
14%
AsiaDagestan
13%
EuropeSealand
12%
AsiaArtsakh
12%
RichMauriccotanialicarawiqueique Empire
11%
MuricaParaiba
7%
EuropeWallonia
6%
PoorBir Tawil
4%
AsiaNaxcivan
2%

Score Distribution

Percentile by Number Answered

Percent of People with Each Score

Your Score History

You have not taken this quiz